Viaje a Santa Fe.

Bibliographic Details
Main Author: Mutis, José Celestino 1932-1808
Other Authors: Frias Nunez, Marcelo ed
Format: Libro
Language:English
Published: Madrid, España Historia 16 1991
Edition:1a.ed.
Series:Crónicas de América 66
Subjects:
Online Access:

MARC

LEADER 00000cam a2200000 a 4500
001 017511
003 UAHC_CL
005 20170803121515.0
008 010822b xx j 000 1 eng
020 |a 8476792018 
040 |a UAHC_CL  |c UAHC_CL  |d UAHC_CL 
100 1 |a Mutis, José Celestino  |d 1932-1808 
245 1 0 |a Viaje a Santa Fe. 
250 |a 1a.ed. 
260 |b Historia 16  |c 1991  |a Madrid, España 
300 |a 231 p. 
490 0 |a Crónicas de América  |v 66 
650 4 |a HISTORIA NATURAL 
650 4 |a BOTANICOS 
650 4 |a MUTIS, JOSE CELESTINO  |y 1732-1808 
650 4 |a FLORA  |z COLOMBIA 
700 1 |a Frias Nunez, Marcelo  |c ed. 
900 |a 508.861 MUT 
942 |c BK 
952 |0 0  |1 0  |4 0  |6 508_861000000000000_MUT  |7 0  |8 General  |9 35012  |a BC  |b BC  |c General  |d 2017-08-03  |l 0  |o 508.861 MUT  |p 1300969  |r 2026-01-13 00:00:00  |t 1  |w 2017-08-03  |y BK 
999 |c 17511  |d 17511